[Event "Bucharest TICC (Women)"]
[Site "Bucharest"]
[Date "1997.??.??"]
[Round "?"]
[White "Duminica, Mariana"]
[Black "Iosif, Cristina S"]
[Result "0-1"]
[WhiteElo "2075"]
[BlackElo "2195"]
[PlyCount "87"]
[EventDate "1997.??.??"]
[EventType "tourn"]
[EventRounds "11"]
[EventCountry "ROU"]
[SourceTitle "EXT 2001"]
[Source "ChessBase"]
[SourceDate "2000.11.22"]
[SourceVersion "1"]
[SourceVersionDate "2000.11.22"]
[SourceQuality "1"]

1. e4 c5 2. Nf3 e6 3. d4 cxd4 4. Nxd4 Nf6 5. Nc3 d6 6. Be3 a6 7. Qd2 b5 8. f3 Nbd7 9. g4 Nb6 10. 0-0-0 Bb7 11. g5 Nfd7 12. h4 b4 13. Nb1 d5 14. Qg2 e5 15. Nf5 Qc7 16. Nd2 0-0-0 17. Nb3 d4 18. Bd2 Nc4 19. Kb1 Ndb6 20. Bc1 a5 21. Bxc4 Nxc4 22. Nd2 g6 23. Nxc4 Qxc4 24. Ng3 Bd6 25. Qe2 Qxe2 26. Nxe2 h6 27. gxh6 f5 28. Ng3 f4 29. Nf1 Rxh6 30. Bd2 g5 31. Rg1 gxh4 32. Nh2 Rf8 33. Rg5 h3 34. a3 Kc7 35. axb4 axb4 36. Rh1 Bc8 37. c3 bxc3 38. bxc3 d3 39. c4 Be6 40. Rc1 Rb8+ 41. Ka2 Kc6 42. Rg7 Ra8+ 43. Kb3 Rhh8 44. Be1 0-1

[Event "ROM-ch op (Women)"]
[Site "Eforie Nord"]
[Date "1997.??.??"]
[Round "?"]
[White "Iosif, Cristina S"]
[Black "Manu, Alina"]
[Result "1-0"]
[WhiteElo "2230"]
[BlackElo "2035"]
[PlyCount "103"]
[EventDate "1997.09.??"]
[EventType "swiss"]
[EventRounds "11"]
[EventCountry "ROU"]
[SourceTitle "EXT 2000"]
[Source "ChessBase"]
[SourceDate "1999.11.16"]
[SourceVersion "1"]
[SourceVersionDate "1999.11.16"]
[SourceQuality "1"]

1. e4 d6 2. d4 Nf6 3. Nc3 g6 4. h3 Bg7 5. g3 0-0 6. Bg2 c6 7. a4 Qc7 8. Nge2 e5 9. 0-0 Be6 10. Be3 Bc4 11. Re1 Nh5 12. g4 Nf6 13. Qd2 Nbd7 14. Rad1 Rfd8 15. b3 Ba6 16. Ng3 Nf8 17. g5 Ne8 18. d5 c5 19. Bf3 Qb8 20. Be2 Bxe2 21. Qxe2 Nc7 22. Kg2 b6 23. Nf1 a6 24. Nh2 b5 25. Ng4 bxa4 26. Nxa4 Nb5 27. Qf3 Nd4 28. Bxd4 cxd4 29. h4 Qc7 30. Rc1 Nd7 31. Nb2 a5 32. Rh1 Rdc8 33. Nf6+ Nxf6 34. gxf6 Bh6 35. h5 g5 36. Qg4 Kh8 37. Rh3 Qd8 38. Rf3 Rc3 39. Rxc3 dxc3 40. Na4 Qxf6 41. Nxc3 Bg7 42. Nb5 h6 43. Ra1 Qf4 44. Qxf4 exf4 45. Ra4 Be5 46. Kf3 Kg7 47. b4 Kf6 48. bxa5 Ke7 49. a6 Kd7 50. a7 Kc8 51. Rc4+ Kd8 52. Rc7 1-0

[Event "Bucharest primaver (Women)"]
[Site "Bucharest"]
[Date "1997.??.??"]
[Round "3"]
[White "Iosif, Cristina S"]
[Black "Moshina, Cristina"]
[Result "0-1"]
[WhiteElo "2195"]
[BlackElo "2090"]
[PlyCount "76"]
[EventDate "1997.??.??"]
[EventType "tourn"]
[EventRounds "11"]
[EventCountry "ROU"]
[SourceTitle "EXT 2001"]
[Source "ChessBase"]
[SourceDate "2000.11.22"]
[SourceVersion "1"]
[SourceVersionDate "2000.11.22"]
[SourceQuality "1"]

1. e4 c5 2. Nf3 Nc6 3. d4 cxd4 4. Nxd4 e5 5. Nb5 d6 6. N1c3 a6 7. Na3 b5 8. Nd5 Nf6 9. Nxf6+ gxf6 10. c4 b4 11. Nc2 Be6 12. Bd3 a5 13. 0-0 Rc8 14. a3 b3 15. Ne3 Nd4 16. Bd2 a4 17. Rc1 h5 18. Nd5 Nc6 19. Be3 Rb8 20. Qe2 h4 21. Rfd1 Rg8 22. Kh1 Nd4 23. Bxd4 exd4 24. c5 dxc5 25. Bb5+ Rxb5 26. Qxb5+ Bd7 27. Qb7 h3 28. g3 Bd6 29. f3 Kf8 30. Nb6 Bb5 31. Rxd4 cxd4 32. Rc8 Kg7 33. Rxd8 Rxd8 34. Qd5 Be2 35. Kg1 d3 36. Nc4 Be7 37. Qa5 Rc8 38. Qd5 Bc5+ 0-1

[Event "Romania (Women)"]
[Site "Romania"]
[Date "1994.??.??"]
[Round "?"]
[White "Borsuk, Angela"]
[Black "Iosif, Cristina S"]
[Result "1/2-1/2"]
[WhiteElo "2230"]
[BlackElo "2230"]
[PlyCount "101"]
[EventDate "1994.??.??"]
[EventType "tourn"]
[EventRounds "9"]
[EventCountry "ROU"]
[SourceTitle "EXT 1997"]
[Source "ChessBase"]
[SourceDate "1996.11.15"]
[SourceVersion "1"]
[SourceVersionDate "1996.11.15"]
[SourceQuality "1"]

1. d4 Nf6 2. c4 e6 3. Nc3 Bb4 4. e3 0-0 5. Bd3 d5 6. a3 Be7 7. Nf3 Re8 8. 0-0 c5 9. dxc5 Bxc5 10. b4 Bf8 11. Qc2 a5 12. b5 Nbd7 13. cxd5 exd5 14. Na4 Ne5 15. Be2 Bd7 16. Nxe5 Rxe5 17. Bb2 Rg5 18. f4 Bf5 19. Bd3 Rc8 20. Qd1 Bxd3 21. fxg5 Bxf1 22. gxf6 Bxb5 23. fxg7 Bd6 24. Nc3 Bc4 25. Ne2 Bxe2 26. Qxe2 Qh4 27. g3 Qe4 28. Rc1 Rxc1+ 29. Bxc1 Qb1 30. Qb2 Qxb2 31. Bxb2 f6 32. a4 Kxg7 33. Kf2 h5 34. h3 Kg6 35. g4 hxg4 36. hxg4 Kg5 37. Kf3 f5 38. gxf5 Kxf5 39. Bd4 Be5 40. Bb6 Bc3 41. Bc7 Ke6 42. e4 Kd7 43. Bg3 Kc6 44. Bf2 d4 45. Ke2 b5 46. Kd3 bxa4 47. Bxd4 Bb4 48. Kc2 Kb5 49. Kb2 Kc4 50. Bf6 Bd6 51. Ka2 1/2-1/2

[Event "ROM-ch (Women)"]
[Site "Romania"]
[Date "1994.??.??"]
[Round "?"]
[White "Cosma, Elena Luminita"]
[Black "Iosif, Cristina S"]
[Result "1-0"]
[WhiteElo "2320"]
[BlackElo "2220"]
[PlyCount "59"]
[EventDate "1994.??.??"]
[EventType "tourn"]
[EventRounds "13"]
[EventCountry "ROU"]
[SourceTitle "EXT 1997"]
[Source "ChessBase"]
[SourceDate "1996.11.15"]
[SourceVersion "1"]
[SourceVersionDate "1996.11.15"]
[SourceQuality "1"]

1. e4 c5 2. Nf3 d6 3. Nc3 e6 4. g3 a6 5. Bg2 Nc6 6. 0-0 Nf6 7. d4 cxd4 8. Nxd4 Bd7 9. a4 Be7 10. Nb3 b6 11. f4 h5 12. h3 Rc8 13. Be3 Qc7 14. Rf2 0-0 15. Bf3 Nb4 16. g4 e5 17. g5 Nh7 18. h4 d5 19. Nxd5 Nxd5 20. exd5 exf4 21. Bd4 Bf5 22. c3 Rfd8 23. a5 b5 24. Bb6 Qc4 25. Nd4 Bd7 26. Rc1 Bg4 27. Bxd8 Bxd8 28. Nc6 Nf8 29. Bxg4 hxg4 30. Qxg4 1-0

[Event "Bucharest-A (Women)"]
[Site "Bucharest"]
[Date "1994.??.??"]
[Round "?"]
[White "Iosif, Cristina S"]
[Black "Baciu, Anca Otilia"]
[Result "1-0"]
[WhiteElo "2230"]
[BlackElo "2190"]
[PlyCount "121"]
[EventDate "1994.??.??"]
[EventType "tourn"]
[EventRounds "10"]
[EventCountry "ROU"]
[EventCategory "1"]
[SourceTitle "EXT 1997"]
[Source "ChessBase"]
[SourceDate "1996.11.15"]
[SourceVersion "1"]
[SourceVersionDate "1996.11.15"]
[SourceQuality "1"]

1. e4 c5 2. Nf3 e6 3. d4 cxd4 4. Nxd4 Nf6 5. Nc3 d6 6. Be2 Be7 7. f4 a6 8. 0-0 Qc7 9. Kh1 0-0 10. a4 b6 11. Bf3 Bb7 12. e5 dxe5 13. fxe5 Nfd7 14. Bxb7 Qxb7 15. Bf4 Bc5 16. Rf3 Bxd4 17. Qxd4 Nc6 18. Qe4 Nc5 19. Qe3 Ne7 20. Re1 Rac8 21. Bg5 Ng6 22. Rh3 Nd7 23. Qe2 Ndxe5 24. Qh5 f5 25. Qxh7+ Kf7 26. Bh6 Rg8 27. Rg3 Rxc3 28. bxc3 Qd5 29. h3 f4 30. Rf1 Qc4 31. Rxf4+ Nxf4 32. Rxg7+ Rxg7 33. Qxg7+ Ke8 34. Qf8+ Kd7 35. Qxf4 Qxc3 36. Qe4 Nc6 37. Bf4 Qc5 38. Qh7+ Ne7 39. Qd3+ Nd5 40. c4 Qf2 41. g3 Qe1+ 42. Kg2 Qc3 43. Qxc3 Nxc3 44. h4 Nxa4 45. h5 Ke7 46. Be5 Kf7 47. Kf3 Nc5 48. g4 Nd7 49. Bb2 Nf6 50. Bd4 Nd7 51. Kf4 a5 52. g5 a4 53. g6+ Kg8 54. Bb2 e5+ 55. Kf5 Kg7 56. Kg5 Kg8 57. h6 Kh8 58. Kf5 Kg8 59. Ba3 Nf8 60. Bxf8 Kxf8 61. Kf6 1-0

[Event "ROM-ch (Women)"]
[Site "Romania"]
[Date "1994.??.??"]
[Round "?"]
[White "Iosif, Cristina S"]
[Black "Marin, Irina Luiza"]
[Result "1-0"]
[WhiteElo "2220"]
[BlackElo "2261"]
[PlyCount "65"]
[EventDate "1994.??.??"]
[EventType "tourn"]
[EventRounds "13"]
[EventCountry "ROU"]
[SourceTitle "EXT 1997"]
[Source "ChessBase"]
[SourceDate "1996.11.15"]
[SourceVersion "1"]
[SourceVersionDate "1996.11.15"]
[SourceQuality "1"]

1. e4 c5 2. Nf3 e6 3. d4 cxd4 4. Nxd4 Nf6 5. Nc3 d6 6. f4 a6 7. Be2 Qc7 8. 0-0 Be7 9. Kh1 0-0 10. a4 b6 11. Bf3 Bb7 12. e5 dxe5 13. fxe5 Nfd7 14. Bf4 Bc5 15. Bxb7 Qxb7 16. Rf3 Bxd4 17. Qxd4 Nc6 18. Qe3 Ne7 19. Re1 Nf5 20. Qf2 Nc5 21. b4 Nd7 22. Ne4 Rad8 23. Rh3 Nb8 24. Nd6 Qc6 25. Nxf5 exf5 26. Qh4 h6 27. Bg5 Rc8 28. Bf6 Nd7 29. Rg3 Nxf6 30. exf6 g6 31. b5 axb5 32. axb5 Rfe8 33. Rge3 1-0

[Event "ROM-chT"]
[Site "Romania"]
[Date "1994.??.??"]
[Round "?"]
[White "Iosif, Cristina S"]
[Black "Olarasu, Gabriela"]
[Result "1-0"]
[WhiteElo "2230"]
[BlackElo "2250"]
[PlyCount "99"]
[EventDate "1994.??.??"]
[EventType "team"]
[EventRounds "10"]
[EventCountry "ROU"]
[SourceTitle "EXT 1997"]
[Source "ChessBase"]
[SourceDate "1996.11.15"]
[SourceVersion "1"]
[SourceVersionDate "1996.11.15"]
[SourceQuality "1"]

1. e4 e5 2. Nf3 Nc6 3. d4 exd4 4. Nxd4 Qh4 5. Nc3 Bb4 6. Ndb5 Ba5 7. Be3 a6 8. Nd4 Nf6 9. Bd3 d5 10. exd5 Nxd5 11. Nxc6 Nxe3 12. Qf3 Bb6 13. Kd2 Nc4+ 14. Bxc4 Qxc4 15. Rae1+ Be6 16. Ne5 Qd4+ 17. Nd3 0-0-0 18. Kc1 Qd7 19. h3 Rhe8 20. Rd1 Qe7 21. Kb1 Bd4 22. Nf4 Qf6 23. Ne4 Qf5 24. g4 Qxe4 25. Qxe4 Bxa2+ 26. Kxa2 Rxe4 27. Nd3 Re2 28. Rhe1 Rxc2 29. Re7 Bf6 30. Rxf7 Rc6 31. f4 h6 32. h4 Bxh4 33. Rxg7 Rcd6 34. Rc1 R6d7 35. Rxd7 Rxd7 36. Ne5 Rd4 37. Rh1 Bf6 38. Rxh6 Bxe5 39. fxe5 Rxg4 40. e6 Rg8 41. Kb3 Re8 42. Kc4 b6 43. Kd5 a5 44. Rh7 a4 45. Ke5 b5 46. Rh4 c5 47. Kd6 Rd8+ 48. Kc6 Re8 49. e7 b4 50. Rf4 1-0

[Event "Romania (Women)"]
[Site "Romania"]
[Date "1994.??.??"]
[Round "?"]
[White "Iosif, Cristina S"]
[Black "Olarasu, Gabriela"]
[Result "1-0"]
[WhiteElo "2230"]
[BlackElo "2250"]
[PlyCount "63"]
[EventDate "1994.??.??"]
[EventType "tourn"]
[EventRounds "9"]
[EventCountry "ROU"]
[SourceTitle "EXT 1997"]
[Source "ChessBase"]
[SourceDate "1996.11.15"]
[SourceVersion "1"]
[SourceVersionDate "1996.11.15"]
[SourceQuality "1"]

1. e4 e5 2. Nf3 Nc6 3. Bc4 Nf6 4. d3 h6 5. Nbd2 g6 6. Nf1 Bg7 7. Bb3 d6 8. c3 a6 9. Ng3 Qe7 10. h3 Be6 11. 0-0 0-0 12. Bxe6 Qxe6 13. Nh2 d5 14. Qe2 Rfe8 15. Ng4 h5 16. Nxf6+ Bxf6 17. f4 exf4 18. Bxf4 h4 19. exd5 Qxd5 20. Ne4 Bg7 21. Qf3 Rad8 22. Bxc7 Rd7 23. Bf4 Ne5 24. Bxe5 Rxe5 25. Rad1 Qxa2 26. d4 Rb5 27. Nc5 Re7 28. Rde1 Bf8 29. Rxe7 Bxe7 30. b3 f5 31. Qd5+ Kf8 32. Qe6 1-0

[Event "ROM-chT"]
[Site "Romania"]
[Date "1994.??.??"]
[Round "?"]
[White "Jicman, Ligia Letitia"]
[Black "Iosif, Cristina S"]
[Result "0-1"]
[WhiteElo "2185"]
[BlackElo "2230"]
[PlyCount "68"]
[EventDate "1994.??.??"]
[EventType "team"]
[EventRounds "10"]
[EventCountry "ROU"]
[SourceTitle "EXT 1997"]
[Source "ChessBase"]
[SourceDate "1996.11.15"]
[SourceVersion "1"]
[SourceVersionDate "1996.11.15"]
[SourceQuality "1"]

1. e4 c5 2. Nf3 d6 3. d4 cxd4 4. Nxd4 Nf6 5. Nc3 e6 6. Bc4 a6 7. Bb3 b5 8. Qf3 Bb7 9. Bg5 h6 10. Bxf6 Qxf6 11. Qxf6 gxf6 12. a3 Rg8 13. 0-0 Nd7 14. f4 d5 15. Nde2 Bc5+ 16. Kh1 d4 17. Nd1 Bxe4 18. Ng3 Bb7 19. f5 e5 20. Nf2 Be7 21. Nge4 Nc5 22. Rfe1 Nxe4 23. Nxe4 Rg4 24. Ng3 h5 25. Re2 h4 26. Nf1 h3 27. Ng3 hxg2+ 28. Rxg2 Rd8 29. Rd1 Bxg2+ 30. Kxg2 a5 31. a4 d3 32. Rxd3 Rxd3 33. cxd3 Rb4 34. Bd1 bxa4 0-1

[Event "Bucharest-A (Women)"]
[Site "Bucharest"]
[Date "1994.??.??"]
[Round "?"]
[White "Litynska, Marta"]
[Black "Iosif, Cristina S"]
[Result "1-0"]
[WhiteElo "2290"]
[BlackElo "2230"]
[PlyCount "67"]
[EventDate "1994.??.??"]
[EventType "tourn"]
[EventRounds "10"]
[EventCountry "ROU"]
[EventCategory "1"]
[SourceTitle "EXT 1997"]
[Source "ChessBase"]
[SourceDate "1996.11.15"]
[SourceVersion "1"]
[SourceVersionDate "1996.11.15"]
[SourceQuality "1"]

1. d4 Nf6 2. c4 e6 3. Nf3 b6 4. Nc3 Bb7 5. a3 d5 6. cxd5 Nxd5 7. Qc2 Nxc3 8. bxc3 Nd7 9. e4 Be7 10. Bd3 c5 11. 0-0 Rc8 12. Qe2 0-0 13. Rd1 Qc7 14. e5 cxd4 15. cxd4 Bd5 16. h4 Bc4 17. Bg5 Bxd3 18. Qxd3 Bxg5 19. Nxg5 Qc2 20. Qf3 Rc3 21. Rdc1 Rxf3 22. Rxc2 Rd3 23. Nf3 Rd8 24. Rc7 a5 25. a4 f6 26. Rac1 fxe5 27. Rxd7 Rxd7 28. Rc8+ Kf7 29. Nxe5+ Ke7 30. Nxd3 Rxd4 31. Nb2 Rb4 32. Rc2 Rxh4 33. Rc4 Rh5 34. Rc7+ 1-0

[Event "Romania (Women)"]
[Site "Romania"]
[Date "1994.??.??"]
[Round "?"]
[White "Safranska, Anda"]
[Black "Iosif, Cristina S"]
[Result "1-0"]
[WhiteElo "2345"]
[BlackElo "2230"]
[PlyCount "127"]
[EventDate "1994.??.??"]
[EventType "tourn"]
[EventRounds "9"]
[EventCountry "ROU"]
[SourceTitle "EXT 1997"]
[Source "ChessBase"]
[SourceDate "1996.11.15"]
[SourceVersion "1"]
[SourceVersionDate "1996.11.15"]
[SourceQuality "1"]

1. e4 c5 2. Nf3 d6 3. d4 cxd4 4. Nxd4 Nf6 5. Nc3 e6 6. Be3 a6 7. f3 b5 8. g4 b4 9. Nce2 e5 10. Nb3 h6 11. c4 Be6 12. Ng3 Nbd7 13. Be2 g6 14. h4 Nb6 15. Rc1 h5 16. g5 Nfd7 17. f4 exf4 18. Bxf4 Bg7 19. Nd4 Be5 20. Nxe6 fxe6 21. Bxe5 Nxe5 22. 0-0 Qc7 23. c5 dxc5 24. Kg2 Ned7 25. a4 a5 26. Bb5 0-0-0 27. Rf7 Rhf8 28. Qf1 Rxf7 29. Qxf7 Kb8 30. Qxg6 Ne5 31. Qxh5 Nd3 32. Bxd3 Rxd3 33. Qg4 Rd2+ 34. Kh3 Qe5 35. g6 Qxb2 36. Qf4+ Kb7 37. Rxc5 Ka6 38. Qg5 Rh2+ 39. Kg4 Qd4 40. Rxa5+ Kb7 41. Qe7+ Nd7 42. Rb5+ Kc6 43. Qxe6+ Kc7 44. Qf5 Rf2 45. Qg5 Nf6+ 46. Kh3 Qd7+ 47. Rf5 Nxe4 48. Qg4 Rxf5 49. Qxf5 Qxf5+ 50. Nxf5 b3 51. g7 Nf6 52. Nd4 b2 53. Nb5+ Kb6 54. Na3 Kc5 55. a5 Kb4 56. a6 Kxa3 57. a7 b1Q 58. a8Q+ Kb2 59. Qb7+ Kc2 60. Qxb1+ Kxb1 61. h5 Ng8 62. Kh4 Kc2 63. Kg5 Kd3 64. h6 1-0

[Event "Romania (Women)"]
[Site "Romania"]
[Date "1994.??.??"]
[Round "?"]
[White "Straub, Natalia"]
[Black "Iosif, Cristina S"]
[Result "0-1"]
[WhiteElo "2190"]
[BlackElo "2230"]
[PlyCount "67"]
[EventDate "1994.??.??"]
[EventType "tourn"]
[EventRounds "9"]
[EventCountry "ROU"]
[SourceTitle "EXT 1997"]
[Source "ChessBase"]
[SourceDate "1996.11.15"]
[SourceVersion "1"]
[SourceVersionDate "1996.11.15"]
[SourceQuality "1"]

1. d4 Nf6 2. Nf3 b6 3. g3 Bb7 4. Bg2 e6 5. 0-0 c5 6. c3 Be7 7. Bf4 d6 8. Nbd2 0-0 9. Re1 Nd5 10. e4 Nxf4 11. gxf4 Nd7 12. e5 cxd4 13. cxd4 Rc8 14. Ne4 dxe5 15. fxe5 Qc7 16. Nc3 Rfd8 17. Rc1 Qb8 18. Qe2 Nf8 19. Red1 Ng6 20. Qe3 Qa8 21. Ne1 h6 22. Ne4 Nh4 23. Rxc8 Rxc8 24. Bh1 Nf5 25. Qd3 Rd8 26. Nc2 Rd7 27. Ng3 Bxh1 28. Nxh1 Nh4 29. Ne1 Bb4 30. Qh3 Qe4 31. Qd3 Qg4+ 32. Kf1 Bxe1 33. Rxe1 Rxd4 34. Qg3 0-1

[Event "ROM-ch (Women)"]
[Site "Romania"]
[Date "1994.??.??"]
[Round "?"]
[White "Vajda, Szidonia"]
[Black "Iosif, Cristina S"]
[Result "1-0"]
[WhiteElo "2235"]
[BlackElo "2220"]
[PlyCount "81"]
[EventDate "1994.??.??"]
[EventType "tourn"]
[EventRounds "13"]
[EventCountry "ROU"]
[SourceTitle "EXT 1997"]
[Source "ChessBase"]
[SourceDate "1996.11.15"]
[SourceVersion "1"]
[SourceVersionDate "1996.11.15"]
[SourceQuality "1"]

1. e4 c5 2. c3 d5 3. exd5 Qxd5 4. d4 Nf6 5. Nf3 Nc6 6. dxc5 Qxd1+ 7. Kxd1 e6 8. b4 a5 9. b5 Na7 10. Be3 Ne4 11. Nfd2 Nxc5 12. Nc4 Bd7 13. a4 Nc8 14. Kc2 Be7 15. Be2 b6 16. Nbd2 f6 17. Nb3 Nxb3 18. Kxb3 Bd8 19. Rhd1 Ke7 20. f4 Bc7 21. Rd2 Rd8 22. Rad1 Be8 23. Rxd8 Bxd8 24. Bf3 Rb8 25. Nxa5 Na7 26. Nc4 Bc7 27. Bc1 Nc8 28. g3 h6 29. Ba3+ Kf7 30. Bc6 g5 31. Bxe8+ Kxe8 32. Nd6+ Nxd6 33. Bxd6 Rd8 34. Bxc7 Rxd1 35. Bxb6 Kd7 36. a5 Rb1+ 37. Kc4 Rh1 38. a6 Rxh2 39. Bd4 e5 40. fxe5 fxe5 41. b6 1-0

[Event "Bucharest (Women)"]
[Site "Bucharest"]
[Date "1993.??.??"]
[Round "7"]
[White "Iosif, Cristina S"]
[Black "Cosma, Elena Luminita"]
[Result "0-1"]
[WhiteElo "2195"]
[BlackElo "2215"]
[PlyCount "102"]
[EventDate "1993.??.??"]
[EventType "tourn"]
[EventRounds "11"]
[EventCountry "ROU"]
[SourceTitle "TD"]
[Source "ChessBase"]
[SourceDate "1994.03.01"]
[SourceVersion "1"]
[SourceVersionDate "1994.03.01"]
[SourceQuality "1"]

1. e4 e6 2. d4 d5 3. Nc3 Bb4 4. e5 c5 5. a3 Bxc3+ 6. bxc3 Nc6 7. a4 Qa5 8. Bd2 Nge7 9. Nf3 Bd7 10. Bb5 c4 11. 0-0 a6 12. Bxc6 Bxc6 13. Ng5 h6 14. Qh5 g6 15. Qh3 Bxa4 16. Ra2 b5 17. Bc1 Qc7 18. Ba3 Qd7 19. g4 Nc6 20. Bc5 0-0-0 21. Nf3 Rdg8 22. Ne1 g5 23. Qh5 Rg6 24. h3 Rhg8 25. f4 gxf4 26. Rxf4 Nd8 27. Ng2 f5 28. exf6 Nf7 29. Be7 Qe8 30. Qh4 h5 31. Qg3 Rh8 32. Rf1 Qxe7 33. Rb1 hxg4 34. h4 Qc7 35. Qxc7+ Kxc7 36. Re1 Kd7 37. Nf4 Rgh6 38. Rxe6 Rxh4 39. Re2 Ng5 40. Rg2 Ne4 41. Kf1 Rh1+ 42. Rg1 Nd2+ 43. Kf2 R8h2+ 44. Rg2 Ne4+ 45. Ke3 Re1+ 46. Re2 Rhxe2+ 47. Nxe2 Rxe2+ 48. Kxe2 Nxc3+ 49. Kf2 Nxa2 50. Kg3 Bxc2 51. Kxg4 Ke6 0-1

[Event "ROM-chT"]
[Site "Romania"]
[Date "1993.??.??"]
[Round "1"]
[White "Olarasu, Gabriela"]
[Black "Iosif, Cristina S"]
[Result "1-0"]
[WhiteElo "2245"]
[BlackElo "2195"]
[PlyCount "77"]
[EventDate "1993.??.??"]
[EventType "team"]
[EventRounds "9"]
[EventCountry "ROU"]
[SourceTitle "EXT 1998"]
[Source "ChessBase"]
[SourceDate "1997.11.17"]
[SourceVersion "1"]
[SourceVersionDate "1997.11.17"]
[SourceQuality "1"]

1. c4 Nf6 2. g3 e6 3. Bg2 c5 4. Nc3 Nc6 5. Nf3 Be7 6. 0-0 0-0 7. b3 d5 8. cxd5 exd5 9. d4 Bg4 10. dxc5 Bxc5 11. Na4 Be7 12. Bb2 Qd6 13. Rc1 Rad8 14. Nd4 Nxd4 15. Bxd4 Qa6 16. Rc2 Rc8 17. Rxc8 Rxc8 18. f3 Be6 19. Qd2 b6 20. e3 h6 21. Rc1 Rxc1+ 22. Qxc1 Qe2 23. Nc3 Qd3 24. Bf1 Qf5 25. Qd1 h5 26. Nb5 h4 27. g4 Qg6 28. Bd3 Qh6 29. h3 Bc5 30. Be2 a5 31. Qd3 Nd7 32. Nc3 Bxg4 33. fxg4 Qd6 34. Bxc5 Qg3+ 35. Kf1 Qxh3+ 36. Ke1 Qh1+ 37. Kd2 Nxc5 38. Qxd5 Qh2 39. Qd8+ 1-0

[Event "ROM-chT"]
[Site "Romania"]
[Date "1993.??.??"]
[Round "7"]
[White "Perevoznic, Margareta"]
[Black "Iosif, Cristina S"]
[Result "1/2-1/2"]
[WhiteElo "2130"]
[BlackElo "2195"]
[PlyCount "97"]
[EventDate "1993.??.??"]
[EventType "team"]
[EventRounds "9"]
[EventCountry "ROU"]
[SourceTitle "EXT 1998"]
[Source "ChessBase"]
[SourceDate "1997.11.17"]
[SourceVersion "1"]
[SourceVersionDate "1997.11.17"]
[SourceQuality "1"]

1. d4 Nf6 2. c4 e6 3. Nc3 Bb4 4. e3 0-0 5. Bd3 d5 6. Nf3 c5 7. 0-0 Re8 8. a3 Bxc3 9. bxc3 Nc6 10. Ne5 Qc7 11. f4 b6 12. cxd5 exd5 13. Qf3 Ne7 14. h3 Bf5 15. Bxf5 Nxf5 16. g4 Nd6 17. Ra2 Nfe4 18. Bd2 f6 19. Nd3 Nc4 20. Be1 Rad8 21. Re2 Nxa3 22. f5 Nc4 23. Nf4 Qf7 24. Ne6 Ng5 25. Nxg5 fxg5 26. Bg3 Re4 27. h4 Qe7 28. hxg5 Rxe3 29. Rxe3 Qxe3+ 30. Qxe3 Nxe3 31. Re1 cxd4 32. cxd4 Nc2 33. Re7 Nxd4 34. Rxa7 Ne2+ 35. Kf2 Nxg3 36. Kxg3 d4 37. Kf2 h6 38. gxh6 gxh6 39. Rb7 d3 40. Ke1 Rd6 41. Kd2 Kf8 42. Rh7 Ke8 43. Rb7 Kf8 44. Rh7 b5 45. Rb7 Rd5 46. Rh7 Rd4 47. Rxh6 Rxg4 48. Kxd3 Rf4 49. Kc3 1/2-1/2